000 00727nam a2200217 i 4500
001 122866
003 ES-MaACL
005 20251217105108.0
007 t|
008 070214s1929 sp |||| | spa d
100 1 _aPulido, Ángel,
_d1852-1932
_9149324
245 1 3 _aLa emoción oratoria /
_cÁngel Pulido Fernández.
260 _aMadrid :
_bMundo Latino,
_c1929.
300 _a346 p ;
_c18 cm.
530 _aDisponible en formato digital.
650 4 _aOratoria.
_915732
852 _aES-MaACL
_jB-25
_cSPB
856 4 _uhttps://bibliotecavirtualmadrid.comunidad.madrid/bvmadrid_publicacion/es/consulta/registro.do?id=6557
_z(Biblioteca Digital de la Comunidad de Madrid)
942 _2udc
999 _c122866
_d122866